Bond value tables / (Record no. 78346)

MARC details
000 -LEADER
campo de control de longitud fija 00446nam a2200157 i 4500
001 - NÚMERO DE CONTROL
campo de control 78346
003 - IDENTIFICADOR DE NÚMERO DE CONTROL
campo de control ES-MaACL
005 - FECHA Y HORA DE LA ÚLTIMA TRANSACCIÓN
campo de control 20230906173650.0
007 - CAMPO FIJO DE DESCRIPCIÓN FÍSICA--INFORMACIÓN GENERAL
campo de control de longitud fija t|
008 - DATOS DE LONGITUD FIJA--INFORMACIÓN GENERAL
campo de control de longitud fija 041013s1946 ne ||||1| eng d
100 1# - ENTRADA PRINCIPAL--NOMBRE DE PERSONA
Nombre de persona Hage, Johannes.
9 (RLIN) 61440
245 10 - MENCIÓN DEL TÍTULO
Título Bond value tables /
Mención de responsabilidad, etc. by Johannes Hage.
260 ## - PUBLICACIÓN, DISTRIBUCIÓN, ETC.
Lugar de publicación, distribución, etc. The Hague :
Nombre del editor, distribuidor, etc. Martinus Nijhoff,
Fecha de publicación, distribución, etc. 1946 (
Fabricante N. V. van de Garde)
300 ## - DESCRIPCIÓN FÍSICA
Extensión XII, 242 p. ;
Dimensiones 28 cm.
852 ## - LOCALIZACIÓN
Ubicación ES-MaACL
Número de control de estantería C-4454
Sublocalización o colección R.24315
Holdings
Estatus retirado Estado de pérdida Estado de daño No para préstamo Biblioteca de origen Biblioteca actual Ubicación en estantería Fecha de adquisición Fuente de adquisición Total de préstamos Signatura topográfica completa Código de barras Visto por última vez Precio de reemplazo Tipo de ítem Koha
        Biblioteca del Ateneo de Madrid Biblioteca del Ateneo de Madrid Sala Palomar 17/01/2008     C-4454 1081952 23/02/2023 23/02/2023 Libro impreso